Perú, hoy
Guardat en:
| Autors principals: | , , , , |
|---|---|
| Altres autors: | |
| Format: | Llibre |
| Idioma: | espanyol |
| Publicat: |
Ciudad de México
Siglo Veintiuno
1971
|
| Edició: | 2a. ed |
| Col·lecció: | Sociología y Política
|
| Matèries: | |
| Etiquetes: |
Afegir etiqueta
Sense etiquetes, Sigues el primer a etiquetar aquest registre!
|
MARC
| LEADER | 00000nam a2200000 a 4500 | ||
|---|---|---|---|
| 001 | UCT8196 | ||
| 003 | CL-VaPUC | ||
| 008 | 970326e19710000MX |||||||||||||||||spa|d | ||
| 082 | 0 | 4 | |a 305 |b FUE |2 21 |
| 100 | 0 | |a Fuenzalida Vollmar, Fernando |e author |9 379758 | |
| 700 | 0 | |a Cotler, Julio |e author |9 379759 | |
| 700 | 0 | |a Bravo Bresani, Jorge |e author |9 379760 | |
| 700 | 0 | |a Escobar, Alberto |e author |9 379761 | |
| 700 | 0 | |a Salazar Bondy, Augusto |e author |9 379762 | |
| 700 | |a Matos Mar, José |e autor |9 447248 | ||
| 245 | 1 | 0 | |a Perú, hoy |
| 250 | |a 2a. ed | ||
| 300 | |a 366 p | ||
| 942 | |c BK | ||
| 945 | |d 19970326 00:00:00 |a nastorga | ||
| 260 | |a Ciudad de México |b Siglo Veintiuno |c 1971 | ||
| 650 | 0 | |a Sociedad |9 307903 | |
| 650 | 0 | |a Zonas rurales |9 317366 | |
| 650 | 0 | |a Razas |9 326658 | |
| 650 | 7 | |a ETNIAS |2 CL-VaPUC |9 375976 | |
| 650 | 7 | |a CRISIS POLITICA |2 CL-VaPUC |9 327740 | |
| 650 | 7 | |a MILITARISMO |2 CL-VaPUC |9 321522 | |
| 650 | 7 | |a BURGESIA |2 CL-VaPUC |9 374797 | |
| 650 | 7 | |a REFORMAS |2 CL-VaPUC |9 256195 | |
| 650 | 0 | |a Educación |9 258661 | |
| 650 | 0 | |a Ideologías |9 255200 | |
| 650 | 0 | |a Filosofía |9 223554 | |
| 651 | 0 | |a Perú |9 256567 | |
| 583 | |a last modification |c 19970326 00:00:00 |k Rodrigo Vera | ||
| 490 | 0 | |a Sociología y Política | |
| 999 | |c 256718 |d 256716 | ||
| 952 | |0 0 |1 0 |4 0 |6 305_000000000000000_FUE_1971 |7 0 |8 A |9 279627 |a BIBGIM |b BIBGIM |d 2019-11-19 |i 3276643 |o 305 FUE 1971 |p 3276643 |r 2025-01-15 |w 2019-11-19 |y BK |k GIM | ||